Iesaiae Prophetae vetus et nova ex hebraico versio, cum commentario, in quo utriusque ratio redditur; vulgatus interpretes à plurimorum columniis vindicator; & loci omnes, quibus sana doctrina adversus haereticos, atque Iudaceos confirmari potest / summo studio, ac diligentia explicantur F. Francisco Forerio ulyssiponensi S. Theologiae professore dominicano, et concionatore regio auctore

Detalles Bibliográficos
Autor principal: Forero, Francisco (m. 1587)
Formato: Libro
Lenguaje:Undetermined
Latin
Publicado: Ulyssiponensi ; Antuerpiae : apud Philippum Natium, 1567.
Materias:
Colección:Banco de datos
Acervo:Biblioteca Palafoxiana. Colección bibliográfica
Descripción Física:[14], 888 p. ; 4°
Tema general:Biblia
Notas:Ex libris manuscrito: "del Collegio de la Compañia de Jesús de Puebla". Número de localización: 5850
LEADER 00957nam a2200169Ia 4500
008 150723s9999 xx 000 0 und d
041 0 |a lat 
050 0 |a PAFX BS535 F6 
100 1 |a Forero, Francisco (m. 1587) 
245 1 0 |a Iesaiae Prophetae vetus et nova ex hebraico versio, cum commentario, in quo utriusque ratio redditur; vulgatus interpretes à plurimorum columniis vindicator; & loci omnes, quibus sana doctrina adversus haereticos, atque Iudaceos confirmari potest / summo studio, ac diligentia explicantur F. Francisco Forerio ulyssiponensi S. Theologiae professore dominicano, et concionatore regio auctore 
260 |a Ulyssiponensi ; Antuerpiae : apud Philippum Natium, 1567. 
300 |a [14], 888 p. ; 4° 
500 |a Ex libris manuscrito: "del Collegio de la Compañia de Jesús de Puebla". Número de localización: 5850 
650 1 0 |a Biblia 
942 |c PALALIB 
943 |g Biblioteca Palafoxiana. Colección bibliográfica 
999 |c 1046215  |d 1046215